Films dont le titre commence par un L (4) - Statistiques

Statistiques générales
  • Ce quiz a été pris 5 fois
  • Le résultat moyen est 6 sur 30
Statistiques - réponses
Année Réalisateur Genre 1 acteur ou
1 actrice
Titre % Correct
1976 C. Zidi Comédie Louis de Funès L'aile ou la cuisse
80%
1985 C. Miller Comédie dramatique Charlotte Gainsbourg L'Effrontée
80%
1983 J. Becker Drame psychologique Alain Souchon L'été meurtrier
80%
1993 A. Pakula Policier Julia Roberts L'affaire Pélican
60%
1973 W. Friedkin Fantastique Max von Sydow L'Exorciste
60%
1976 Ph. Labro Policier Jean-Paul Belmondo L'Alpagueur
40%
1984 Ch. Frank Drame Bernard Giraudeau L'année des méduses
40%
1973 C. Bernard-Aubert Drame Jean Gabin L'affaire Dominici
20%
1968 N. Jewison Policier Steve McQueen L'affaire Thomas Crown
20%
1964 G. Grangier Comédie Fernandel L'âge ingrat
20%
1947 J. Cocteau Drame Jean Marais L'aigle à deux têtes
20%
1940 M. Curtiz Aventures Errol Flynn L'aigle des mers
20%
1991 J-J Annaud Comédie dramatique Tony Leung Ka Fai L'Amant
20%
1985 M. Cimino Policier Mickey Rourke L'année du dragon
20%
1941 Christian-Jaque Policier Harry Baur L'assassinat du Père Noël
20%
1953 H. Verneuil Comédie Fernandel L'ennemi public numéro un
20%
1965 B.L. Robert Espionnage Richard Burton L'espion qui venait du froid
20%
1952 J. Mankiewicz Espionnage James Mason L'affaire Cicéron
0%
1955 H. Decoin Historique Paul Meurisse L'affaire des poisons
0%
1995 Y. Boisset Historique Pierre Arditi L'affaire Dreyfus
0%
1946 M. L'Herbier Historique Viviane Romance L'affaire du collier de la reine
0%
1937 C. Autant-Lara Historique Pierre Blanchar L'affaire du courrier de Lyon
0%
1972 F. Rosi Politique Luigi Squarzina L'affaire Mattei
0%
1993 Y. Boisset Drame Christophe Malavoy L'affaire Seznec
0%
1976 F. Cassenti Drame Roger Ibanez L'affiche rouge
0%
1982 Ph. De Broca Comédie Catherine Deneuve L'Africain
0%
1976 M. Anderson Science-fiction Bill Couch L'âge de cristal
0%
1963 J-P Melville Drame psychologique Jean-Paul Belmondo L'aîné des Ferchaux
0%
1987 G. Krawczyk Comédie dramatique Patrick Braoudé L'été en pente douce
0%
1984 W. Petersen Fantastique Barret Oliver L'histoire sans fin
0%
Aucun quiz correspondant
Distribution des résultats
% des personnes avec chaque résultat
Percentile par nombre de réponses
Votre historique - résultats
Vous n’avez pas pris ce quiz